000 00393nam a2200157Ia 4500
008 230917s9999||||xx |||||||||||||| ||und||
020 _cRS450
040 _e32868
_aMAIN
041 _aEnglish
082 _a004.77 P449M(6)
100 _aPetroutsos, Evangelos
245 0 _aMastering Visual Basic 6
260 _aNew Delhi
_bBPB Publications
_c2002
300 _axxv, 1285 p.
942 _cOB
999 _c106826
_d106826